000 00814cab a2200301 4500
001 ABS56691
008 090401t1997 xxu||||| |||| 00| 0 eng d
035 _a(Sirsi) u77613
041 _aeng
245 _aFocus `97: Kent
260 _c1997
350 _a0
490 _aEstates Gazette
_v(9710) 8 March 1997, 81-117(16)
520 _aA survey of Kent looking at North Kent, the Medway towns, Kings Hill, Ashford, Canterbury and the Kent Ports.
650 _aASHFORD
650 _aCANTERBURY
650 _aDOVER
650 _aFOLKESTONE
650 _aKENT
650 _aKINGS HILL
650 _aMEDWAY
650 _aNORTH KENT
650 _aPROPERTY MARKET
650 _aRAMSGATE
690 _aPROPERTY-COMMERCIAL PROPERTY-COMMERCIAL PROPERTY MARKET
942 _n0
948 _c07/04/1997
999 _c48789
_d48789